Manual of forest botany; tropical Africa; vol. 2B : Families (2nd part)

Bibliographic Details
Main Author: LETOUZEY
Other Authors: Harrison
Format: Book
Published: France : Centre Technique Forestier Tropical , 1986
Subjects:

MARC

LEADER 00000cam a2200000 7i4500
001 0000001227
005 20140301.0
020 0 0 |a 285411003X 
090 0 0 |a R582   |b LET 1986 
100 1 0 |a LETOUZEY   |h René 
245 1 0 |a Manual of forest botany; tropical Africa; vol. 2B :   |b Families (2nd part)   |c R. Letouzey; translation by R. Harrison 
260 0 0 |a France :   |b Centre Technique Forestier Tropical ,   |c 1986 
300 |a [211-451] p. :   |b ill. ;   |c 21 cm. 
500 0 0 |a Includes index 
500 0 0 |a Translated from French 
650 0 0 |a Botany   |z Africa, Sub-Saharan 
650 0 0 |a Forest ecology   |z Africa, Sub-Sahara 
650 0 0 |a Forest plants   |z Africa, Sub-Saharan 
700 0 1 |a Harrison   |h R. 
998 |a JPSM 
999 |a 0000000072   |b Monograph   |c Reference   |e Default branch